000 01266cab a2200457 4500
001 ABS54679
008 090401t1996 xxu||||| |||| 00| 0 eng d
035 _a(Sirsi) u11721
041 _aeng
245 _aFocus `96 Kent markets
260 _c1996
350 _a0
490 _aEstates Gazette
_v(9610) 9 March 1996, 81-129(15)
650 _aASHFORD
650 _aBLUEWATER CENTRE
650 _aBROMLEY
650 _aCANTERBURY
650 _aCHANNEL TUNNEL
650 _aCHATHAM
650 _aDARTFORD
650 _aDERELICT LAND
650 _aDISTRIBUTION DEVELOPMENT
650 _aFOLKESTONE
650 _aINDUSTRIAL MARKET
650 _aInfrastructure
_96246
650 _aKENT
650 _aMAIDSTONE
650 _aMARGATE
650 _aPROPERTY-COMMERCIAL PROPERTY-OFFICE PROPERTY-OFFICE PROPERTY MARKET
650 _aOUT-OF-TOWN SHOPPING CENTRES
650 _aRAMSGATE
650 _aRESIDENTIAL DEVELOPMENT
650 _aPROPERTY-COMMERCIAL PROPERTY-RETAIL PROPERTY-RETAIL PROPERTY MARKET
650 _aROCHESTER
650 _aROYAL TUNBRIDGE WELLS
650 _aSHELTERED HOUSING
650 _aTOURISM
690 _aPROPERTY-COMMERCIAL PROPERTY-COMMERCIAL PROPERTY MARKET
942 _n0
948 _c04/03/1997
999 _c7485
_d7485